000 00306nam a22001217a 4500
008 180514b xxu||||| |||| 00| 0 eng d
041 _aeng
080 _a043.3
100 _a0
101 _aSHKI-BTH
245 _aInstrusion detection system technologies, weakness and trends
_cAsllani,B
942 _2udc
_cBK
999 _c45736
_d45736